000 00703nam a2200229Ia 4500
003 OSt
005 20230516114603.0
008 210423s2013 xx 000 0 und d
020 _a978-0-19-965748-3
040 _cAL
041 _aeng
082 _a382.92 MAVT
100 _aMAVROIDIS (Petros C)
_9105113
245 _aTrade in goods: GATT and the other WTO agreements regulating trade in goods Ed 2
260 _aNew Delhi
_bOxford University Press
_c2013
300 _axliii,899
_bHB
365 _b2795
_cINR
650 _aCommerce
_9105114
650 _aInternational Trade
_9105115
906 _aagreements ; Ed ; gatt ; goods ; goods: ; other ; regulating ; Trade ; WTO
942 _2ddc
_cBK
999 _c166317
_d166317